000
00320pam a2200145a 44500
008
230405s xxu||||| |||| 00| 0 eng d
041
_a
ENG
100
_a
.
245
_a
PHARMACEUTICAL BIOTECHNOLOGY
250
_a
1 2000
260
_a
_b
VALLABH PRAKASHAN
_c
300
_a
391
650
_a
PHARMACEUTICS
906
_a
319
999
_c
265758
_d
265758